| 000 | 01463nam a2200433 i 4500 | ||
|---|---|---|---|
| 001 | 26135 | ||
| 003 | KOSZ 005 | ||
| 005 | 20220512130823.0 | ||
| 008 | 051114s1974 pl a f f |000 0 pol | ||
| 015 | _aPB 1974/3306 | ||
| 035 | _a(OCoLC)749449530 | ||
| 040 |
_aWA N _cWA N _dKOSZ 005/EC _dKOSZ 005/HR |
||
| 041 | 0 | _apol | |
| 046 | _k1974 | ||
| 080 | _a62-5 | ||
| 080 | _a681.5 | ||
| 080 | _a(075.8) | ||
| 100 | 1 |
_aPułaczewski, Jerzy _eAutor |
|
| 245 | 1 | 0 |
_aZasady automatyki / _cJerzy Pułaczewski, Krystyna Szacka, Andrzej Manitius. |
| 260 |
_aWarszawa : _bWydawnictwa Naukowo-Techniczne, _c1974 _fBielskie Zakł. Graf.). |
||
| 300 |
_a396 s. : _bil., wykr. ; _c24 cm. |
||
| 336 |
_2rdacontent _aTekst _btxt |
||
| 337 |
_2rdamedia _aBez urządzenia pośredniczącego _bn |
||
| 338 |
_2rdacarrier _aWolumin _bnc |
||
| 380 | _aKsiążki | ||
| 388 | _a1901-2000 | ||
| 388 | _a1945-1989 | ||
| 490 | 1 | _aPodręczniki Akademickie. Elektronika. | |
| 504 | _aBibliogr. | ||
| 650 | 7 | _aAutomatyka | |
| 655 | 7 | _aPodręczniki akademickie | |
| 658 | _aInżynieria i technika | ||
| 700 | 1 |
_aSzacka, Krystyna _eAutor |
|
| 700 | 1 |
_aManitius, Andrzej _d(1938- ) _eAutor |
|
| 710 | 2 |
_aWydawnictwa Naukowo-Techniczne _4pbl. |
|
| 856 |
_uhttp://koha.tu.koszalin.pl/cgi-bin/koha/opac-detail.pl?biblionumber=26135 _yKatalog online BPK |
||
| 830 | 0 |
_aPodręczniki Akademickie. _pElektronika |
|
| 942 |
_2UKD _cKS |
||
| 999 |
_c26135 _d26135 |
||